| 000 | 00486nam a22001817a 4500 | ||
|---|---|---|---|
| 003 | CEME | ||
| 005 | 20210628205233.0 | ||
| 008 | 210222b xxu||||| |||| 00| 0 eng d | ||
| 020 | _a81-86867-05-4 | ||
| 040 | _c. | ||
| 082 | _a297.63 IRV'M | ||
| 100 |
_aIrving, Washington _974523 |
||
| 245 | _aMohammad -pbuh and his successors | ||
| 260 |
_aNEWDELHI _bABI PRINTS _c1998 |
||
| 300 | _a2 VOL | ||
| 650 |
_aISLAM-BIOGRAPHY-PROPHET MUHAMMAD PEACE BE UPON HIM _9876 |
||
| 942 |
_cBK _2ddc |
||
| 999 |
_c580042 _d580042 |
||